Online
Catalog

Atlas Mundial. / (Record no. 42111)

MARC details
000 -CABECERA
campo de control de longitud fija 00547nam a2200169 a 4500
001 - NÚMERO DE CONTROL
campo de control 000042622
005 - FECHA Y HORA DE LA ÚLTIMA TRANSACCIÓN
campo de control 20201002040259.0
008 - DATOS DE LONGITUD FIJA--INFORMACIÓN GENERAL
campo de control de longitud fija 140203s1998 sp abf 000 0 spa d
040 ## - FUENTE DE LA CATALOGACIÓN
Centro catalogador/agencia de origen DO-SdBNP
Lengua de catalogación spa
Centro/agencia transcriptor BNPHU
245 00 - MENCIÓN DE TÍTULO
Título Atlas Mundial. /
Mención de responsabilidad, etc. editado por, Miguel Yuste; traducción, Grijalbo Mondadori.
260 ## - PUBLICACIÓN, DISTRIBUCIÓN, ETC.
Lugar de publicación, distribución, etc. Barcelona, :
Nombre del editor, distribuidor, etc. El Pais,
Fecha de publicación, distribución, etc. 1998.
300 ## - DESCRIPCIÓN FÍSICA
Extensión 360 p. :
Otras características físicas il., mapa, lam.
546 ## - NOTA DE LENGUA/LENGUAJE
Nota de lengua/lenguaje dorling kindesley world atlas
500 ## - NOTA GENERAL
Nota general Incluye glosario
700 1# - PUNTO DE ACCESO ADICIONAL--NOMBRE DE PERSONA
Nombre de persona Yuste, Miguel
Término indicativo de función/relación ed.
9 (RLIN) 69881
710 2# - PUNTO DE ACCESO ADICIONAL--NOMBRE DE ENTIDAD CORPORATIVA
Nombre de entidad corporativa o nombre de jurisdicción como elemento de entrada Grijalbo Modadori
Término indicativo de función/relación trad.
9 (RLIN) 69882
Holdings
Estado de retiro Estado de pérdida Restricciones de uso No para préstamo Código de colección Localización permanente Ubicación/localización actual Ubicación en estantería Fecha de adquisición Número de inventario Total de préstamos Signatura topográfica completa Código de barras Fecha visto por última vez Precio válido a partir de Tipo de ítem Koha
      Excluido de préstamo Monografías: Libros y Folletos General General En catalogación 03.02.2014 LF1   42622-10 25.06.2020 25.06.2020 No se presta

Powered by Koha